000 00440cam a22001934a 4500
005 20250605164158.0
008 250528s ||||||||||||||||||||||||d
035 _a19675
020 _a6330657
040 _aGR-AtMCL
_bgre
_dGR-AtMCL
_eAACR2
245 1 _aUTILITARIANISM
250 _a1
260 _bCollins & Brown,
_c1962
300 _a352
700 1 _aMill John Stuart
_94328
942 _cBK
999 _c4931
_d4931